000 01651nam a22003497a 4500
001 000364
003 DO-SdBNP
005 20180306140858.0
007 000364
008 160429b 2000 dr a ||||| |||| 00| 0 spa d
020 _a9945444514
040 _aBPMSU
_bspa
_cBPMSU
092 _a372.257
_bV335c 8vo. [20--]
100 _aVásquez Güichardo, Julia Mery
245 1 0 _aCiencias de la naturaleza 8 :
_b[educación básica] /
_cJulia Mery Vásquez Güichardo , Andrea Griselda Rincón Ozuna ; ilustración Ramón L. Sandoval.
260 _aSanto Domingo :
_bActualidad escolar 2000,
_c[20--].
300 _a2v. :
_bil. ;
_c28 cm
500 _aLa biblioteca posee libro de texto y libro del maestro.
500 _aEste libro ha sido realizado de acuerdo al currículum vigente y ha sido sometido a la evaluación y aprobación de la SEE.
505 0 _gUnidad 1
_tEl trabajo de la ciencia --
_gUnidad 2
_tTransformaciones de la materia --
_gUnidad 3
_tLa energía y sus aplicaciones --
_gUnidad 4
_tSalud y medio ambiente --
_gUnidad 5
_tActividad pecuaria: Crianza de animales --
_gUnidad 6
_tTecnología en la vida.
650 4 _aCIENCIAS NATURALES
_xENSEÑANZA BÁSICA
650 4 _aCIENCIAS NATURALES
_xEDUCACIÓN PRIMARIA
650 4 _aCIENCIAS NATURALES
_xLIBROS DE TEXTOS
650 _aCIENCIAS NATURALES
_xESTUDIOS Y EJERCICIOS
650 4 _aEDUCACIÓN PRIMARIA
_zREPÚBLICA DOMINICANA
700 1 2 _aRincón Ozuna, Andrea Griselda
700 1 2 _aSandoval, Ramón L.,
_eil.
910 _aValidado. Control de calidad MFF
942 _2ddc
_cBK
945 _aRemanejado para la BNPHU / 2018 VM
956 _aDaysi García
_210
999 _c10056
_d10056